[Event "Olbia CIG U16 24th"]
[Site "Olbia"]
[Date "2016.06.29"]
[Round "5"]
[White "Zenari, Marco"]
[Black "Scarsella, Lorenzo Luigi"]
[Result "0-1"]
[WhiteElo "2017"]
[BlackElo "2075"]
[PlyCount "92"]
[EventDate "2016.06.26"]
[EventType "swiss"]
[EventRounds "9"]
[EventCountry "ITA"]
[SourceTitle "EXT 2024"]
[Source "ChessBase"]
[SourceDate "2023.10.10"]
[SourceVersion "1"]
[SourceVersionDate "2023.10.10"]
[SourceQuality "1"]

1. e4 d6 2. d4 Nf6 3. Nc3 g6 4. Be3 c6 5. Qd2 b5 6. Bd3 Nbd7 7. Nf3 Bg7 8. e5 dxe5 9. dxe5 Ng4 10. e6 fxe6 11. Be4 Qc7 12. Nd4 Bxd4 13. Nxb5 cxb5 14. Bxd4 e5 15. Bxa8 exd4 16. Qxd4 Ngf6 17. 0-0-0 0-0 18. h4 Nb6 19. Bf3 Bf5 20. c3 e5 21. Qb4 e4 22. Be2 Nbd5 23. Qxb5 Rb8 24. Qc4 Qf4+ 25. Kb1 Be6 26. f3 Qe5 27. Rd4 Nb4 28. f4 Qf5 29. Qc7 e3+ 30. Bd3 Nxd3 31. Qxb8+ Kg7 32. Qxa7+ Bf7 33. Ka1 Nxf4 34. Rdd1 Nxg2 35. Rde1 Nxe1 36. Rxe1 Ng4 37. Qd4+ Kh6 38. b3 Qf2 39. Qd1 Be6 40. Re2 Qf3 41. Qe1 Bf5 42. c4 Bd3 43. Rb2 e2 44. Qd2+ Ne3 45. Qxd3 e1Q+ 46. Rb1 Qf6+ 0-1